000
00303 a2200121 4500
020
_a
0195470885
090
_c
154
_d
154
100
_a
Kenneth Minogue
245
_a
Politics
_b
A very short introduction
260
_a
Karachi
_b
Oxford University Press
_c
1995
300
_a
118 P
942
_a
NBS
_c
BK
_k
320 MIN
999
_c
342730
_d
342730